Quizzes
Events
Quiz Creation
Community
Videos
Private Events
Remove Ads
Sign In
Join for FREE
Feedback
Dark Mode
Quiz Categories
Sports
Geography
Music
Movies
Television
Just For Fun
Miscellaneous
History
Literature
Language
Science
Gaming
Entertainment
Religion
Holiday
For Kids
Quiz Lab
Recent
Popular Today
Quiz Kudos Today
Editor Picks
Curator Picks
Quizzes by...
Day
Popularity
Type
Ratings
Length
Year
Community
Subscriptions
Recent Discussions
Orange Saloon
Badges
Playlists
Quests
Create
Leaderboards
Showdown
Live 5
Trivia Bingo
Activity
Puzzle Library
Sporcle Events
Private Events
Virtual Trivia
Globe League
Become a Host
Pub Owners
SporcleCon
Opinionation
Our Games
Videos
Blog
Mobile Apps
Partnerships
Remove Ads and Go Orange
Feedback
Sports
Athletes
MLB
NBA
NHL
NFL
Soccer
Sports Teams
WWE
NCAA
Football
Premier League
Basketball
Baseball
Hockey
Golf
Tennis
Cricket
Rugby
Auto Racing
Olympics
World Cup
Sports
Athletes
MLB
NBA
NHL
NFL
Soccer
Sports Teams
WWE
NCAA
Football
Premier League
Basketball
Baseball
Hockey
Golf
Tennis
Cricket
Rugby
Auto Racing
Olympics
World Cup
Random Quiz
Search Sporcle
×
Quiz Lab
Quiz Lab
Sports
WWE
Click on answers out of a set of options
Click on answers out of a set of options
Multiple Choice
Best Score? Go Orange.
WWE Royal Rumble Trivia Stats
Can you choose the WWE Royal Rumble Trivia?
By
begals4568
6m
20 Questions
434 Plays
434 Plays
434 Plays
Comments
Comments
Give Quiz Kudos
Give Quiz Kudos
-
- Ratings
hide this ad
More Info
Random Order
Randomize order of answers
Randomize order of answers
Replay
Link that replays current quiz
Next Quiz
Link to next quiz in quiz playlist
You Got
0%
They Got
Avg Score
81%
Avg Friend Score
Upgrade to see
Score Distribution
Jump to the score distribution portion of the page
Score
0/20
Timer
06:00
0
Plays Today
Question
Answer
Wrong Answers
Who won the first ever Royal Rumble?
Jim Duggan
87.8%
One Man Gang
1.6%
The Ultimate Warrior
1.8%
Bret Hart
2.3%
Which superstar made his WWE debut in the 2016 Royal Rumble?
AJ Styles
86.8%
Shinsuke Nakamura
2.3%
Samoa Joe
1.6%
Finn Balor
2.8%
Who won the only ever 40-man Royal Rumble Match in 2011?
Alberto del Rio
86.8%
Randy Orton
3.2%
Sheamus
3.2%
Wade Barrett
0.2%
Who has won 3 different Royal Rumble matches?
Steve Austin
86.4%
Hulk Hogan
3.7%
John Cena
2.8%
Batista
1.4%
Who has the most eliminations in multiple Royal Rumble matches?
Kane
85.9%
Big Show
2.1%
Steve Austin
3.9%
The Undertaker
2.3%
Who was the first female to enter a Royal Rumble?
Chyna
85.5%
Beth Phoenix
2.5%
Kharma
3%
Lita
2.1%
Who won the 1994 Royal Rumble along with Bret Hart?
Lex Luger
85%
Shawn Michaels
5.5%
Diesel
2.3%
Jake Roberts
1.6%
Who won the 2003 Royal Rumble?
Brock Lesnar
84.8%
The Undertaker
3%
Kurt Angle
4.4%
Chris Jericho
3.5%
Who lasted the least amount of time in a single match?
Santino Marella
84.1%
The Warlord
4.4%
Mo
2.1%
The Godfather
3%
Who won the 2017 Royal Rumble?
Randy Orton
83.4%
Bray Wyatt
1.2%
Goldberg
1.8%
Roman Reigns
8.1%
Which superstar was the first to win from the number 1 entrant?
Shawn Michaels
81.8%
Chris Benoit
6%
Steve Austin
3.7%
Roman Reigns
2.5%
Which superstar lasted the longest time in a single match?
Rey Mysterio
81.5%
Triple H
2.5%
Ric Flair
3.5%
Chris Jericho
5.5%
Who won the 1999 Royal Rumble?
Vince McMahon
80.8%
Steve Austin
7.4%
The Rock
5.1%
Kane
0.7%
Who won the 2010 Royal Rumble?
Edge
80.6%
John Cena
9%
Batista
4.4%
Shawn Michaels
0.7%
Who shocked the world by eliminating The Undertaker in 2002?
Maven
80.4%
The Hurricane
6%
Matt Hardy
3.7%
Scotty 2 Hotty
3.2%
Who did The Rock & Chris Benoit eliminate to win their Royal Rumble match?
Big Show
79.9%
Kane
5.3%
Kurt Angle
5.5%
Eddie Guerrero
2.8%
Who holds the record for the most eliminations in a single match?
Roman Reigns
78.3%
Kane
14.1%
The Great Khali
0.7%
Hulk Hogan
1.4%
Who won the 1992 Royal Rumble?
Ric Flair
78.3%
Sid Justice
2.1%
Hulk Hogan
9.2%
Randy Savage
4.2%
Which superstar was first to win from the number 30 entrant?
The Undertaker
73%
Batista
8.5%
Kurt Angle
1.6%
Edge
9.7%
Who was the first to win back-to-back Royal Rumble matches?
Hulk Hogan
67.9%
Steve Austin
20.1%
The Rock
1.4%
John Cena
4.6%
Quiz Playlist
Details
Report
Send in Message
Add To Playlist
More Info:
How well do you know the WWE Royal Rumble?
Multiple Choice:
Click on answers out of a set of options
Random Order:
Randomize order of answers
Last Updated: Jul 10, 2017
Quiz Scoreboard
CHALLENGE
Sign Up to Join the Scoreboard
Show All
Scores
Hide
Comments
May contain spoilers
Recently Published
One Thing in Common: World Cities II
by knightlancer
Geography
7m
Popular People in 1961
by mucciniale
History
6m
1-10 Letter E Words III
by El_Dandy
Language
2m
More to Explore
Quiz From the Vault
Featured Blog Post
Where Did the Easter Bunny Come From?
hide this ad
You Might Also Like...
Tags
WWE Quiz
Royal
Royal Rumble
rumble
Rumble Info
Trivia
Today's Top Quizzes in Sports
Browse Sports
hide this ad
Today's Top Quizzes in WWE
Browse WWE
Top Contributed Quizzes in Sports
1
Les meilleurs buteurs des matchs entre le PSG et l’OM
2
Les entraîneurs de l'OM et du PSG au 21e siècle
3
FIFA Club World Cup Champions
4
2022 World Cup Stars
5
Name the Premier League winners with different clubs
6
La finale Lions - Afrique du Sud 2021
7
Criteria MLB: Left Handed Sluggers
8
Players with Multiple 50 Home Run Seasons
9
MLB Players with Two .350 Batting Average Seasons
10
MLB Hall of Famer by Rings
Explore More
Trending Topics
Kpop
NBA
Disney
Crossword
Harry Potter
Marvel
Anime
The Office
Song
WWE
Pokémon
NFL
Soccer
Puzzle
Country
hide this ad
More By:
begals4568
Quiz
Plays
Rating
Category
Featured
Created
Match UFC Fighters With Their Nickname
762
5.00
Sports
Dec 12, 2016
WWE Royal Rumble Trivia
434
4.00
Sports
Jul 7, 2017
2017 UFC Headliners
403
5.00
Sports
Aug 2, 2017
2018 UFC Headliners
340
Sports
Feb 24, 2018
Ultimate Batman Villain Quiz
227
3.00
Entertainment
Mar 31, 2017
Go to Creator's Profile
Score Distribution
Quiz Creator Spotlight
begals4568
Follow
Send a Message
Quizzes Created
-
Created Quiz Play Count
-
More By This Creator
Popular Quizzes Today
1
Find the US States - No Outlines Minefield
2
Find the Countries of Europe - No Outlines Minefield
3
The Countries of the World
4
Popular People in 1961
5
1-10 Letter E Words III
6
Find the US States
7
One Thing in Common: World Cities II
8
US States
More Sports Quizzes
The 50 most recent 50+ goals players in NHL
Quiz Lab
Trending Quizzes
Risky Map Clicking: Least Populous States A-Z
1-10 Letter F Words
1-10 Letter G Words
One Thing in Common: United Kingdom
Risky Map Clicking: Biggest States A-Z
Recently Updated
Leaping Animals
pecheneg
Reality TV Shows (A-Z)
bhenderson79
Rickey Henderson's Hall of Fame Teammates
pecheneg
Champions League XIs: Arsenal
pecheneg
Quick Pick: Celebrities in WWE's Hall of Fame
aduchscher
A-Z Keypad Blitz II
pecheneg
Multiple Oscar Actors
pecheneg
Mystery Phrase Blitz: Oscar 'Best Actors'
pecheneg
F. Scott Fitzgerald Novels
LTH
Pick 3 Villains
ddd62291
Trending Topics
NBA
Crossword
Kpop
Anime
Disney
Marvel
Harry Potter
Song
Country
The Office
Pokémon
NFL
Puzzle
WWE
Soccer
Your Account Isn't Verified!
In order to create a playlist on Sporcle, you need to verify the email address you used during registration. Go to your
Sporcle Settings
to finish the process.
Report this User
Report this user for behavior that violates our
Community Guidelines
.
Details:
Send Report
Go to the Sporcle.com Mobile Site →
Comments